Influence of the information technology on the world economy

Analýza kľúčových pojmov ako informačný kapitál a informačná ekonómia. Vplyv informačnej ekonómie na ekonomický rozvoj. Analýza niektorých parametrov informačnej ekonómie a informačného kapitálu.

Gespeichert in:
Bibliographische Detailangaben
1. Verfasser: Raneta, Leonid, 1982-
Weitere Verfasser: Braga, Denys
Format: Buchkapitel
Sprache:Englisch
Schlagworte:
Tags: Tag hinzufügen
Keine Tags, Fügen Sie das erste Tag hinzu!

MARC

LEADER 00000nla a2200000 4500
001 0183926
005 20240502073142.3
041 0 |a eng 
044 |a SK 
245 1 0 |a Influence of the information technology on the world economy  |c Leonid Raneta, Denis Braga 
520 |a Analýza kľúčových pojmov ako informačný kapitál a informačná ekonómia. Vplyv informačnej ekonómie na ekonomický rozvoj. Analýza niektorých parametrov informačnej ekonómie a informačného kapitálu. 
610 2 0 |a technológie informačné 
610 2 0 |a rozvoj hospodársky 
610 2 0 |a hospodárstvo svetové 
610 2 0 |a spoločnosť informačná 
100 1 |a Raneta, Leonid, 1982- 
700 1 |a Braga, Denys